Implementation of quality management systems in public administration

Definícia systémov manažmentu kvality. Úrovne prípravy a implementácie systémov manažmentu kvality. Princípy a požiadavky hodnotenia aplikácie systémov manažmentu kvality. Definícia efektívne fungujúcej správy.

Salvato in:
Dettagli Bibliografici
Autore principale: Walenia, Alina
Altri autori: Bednárová, Lucia
Natura: Capitolo di libro
Lingua:inglese
Soggetti:
Tags: Aggiungi Tag
Nessun Tag, puoi essere il primo ad aggiungerne!!

MARC

LEADER 00000naa a2200000 4500
001 0214143
005 20250618125634.1
041 0 |a eng 
044 |a SK 
245 1 0 |a Implementation of quality management systems in public administration  |c Alina Walenia, Lucia Bednárová 
520 |a Definícia systémov manažmentu kvality. Úrovne prípravy a implementácie systémov manažmentu kvality. Princípy a požiadavky hodnotenia aplikácie systémov manažmentu kvality. Definícia efektívne fungujúcej správy. 
610 2 0 |a správa verejná 
610 2 0 |a manažment 
610 2 0 |a systémy kvality 
610 2 0 |a normy ISO 
100 1 |a Walenia, Alina 
700 1 |a Bednárová, Lucia